000 01109nam a2200241Ii 4500
003 JO-AjNU
005 20240630075013.0
008 230605s9999||||xx |||||||||||||| ||und||
040 _aJO-AjNU
_bara
_erda
_cJO-AjNU
041 _aara
050 1 4 _aKMM182.9.B38.2004
100 1 _aياملكي،اكرم
_eمشرف
_965832
245 1 0 _aدور القاضي الأردني في التحكيم التجاري الدولي /
_cإشراف اكرم ياملكي ؛ اعداد عامر فتحي البطاينه
260 _c2004
300 _a256 ورقة
336 _atext
_btxt
_2rdacontent
337 _aunmediated
_bn
_2rdamedia
338 _avolume
_bnc
_2rdacarrier
500 _aرسالة جامعية (دكتوراة في الفلسفة)-- جامعة عمان العربية للدراسات العليا ، 2004، كلية الدراسات القانونية، يشتمل على المراجع الببلوغرافية ص(248-253)
650 4 _aالتحكيم الدولي التجاري -- الأردن
_946781
700 1 _aالبطاينة، عامر فتحي
_965833
_eمعد
942 _2lcc
_cTHS
999 _c23944
_d23944